书目信息 |
| 题名: |
简明大学物理
|
|
| 作者: | 莫文玲 , 盛嘉茂 主编 | |
| 分册: | 上册 | |
| 出版信息: | 北京 北京大学出版社 2005.02 |
|
| 页数: | 255页 | |
| 开本: | 23cm | |
| 丛书名: | ||
| 单 册: | ||
| 中图分类: | O4 | |
| 科图分类: | ||
| 主题词: | 物理学--wu li xue--高等学校--教材 | |
| 电子资源: | ||
| ISBN: | 7-301-08363-7 | |
| 000 | 00931nam0 2200265 450 | |
| 001 | 012006019531 | |
| 005 | 20060303105115.59 | |
| 010 | @a7-301-08363-7@dCNY23.00 | |
| 100 | @a20060303d2005 km y0chiy0121 ea | |
| 101 | 0 | @achi |
| 102 | @aCN@b110000 | |
| 105 | @aa a 000yy | |
| 200 | 1 | @a简明大学物理@Ajian ming da xue wu li@h上册@f莫文玲, 盛嘉茂主编@Fmo wen ling,sheng jia mao zhu bian |
| 210 | @a北京@c北京大学出版社@d2005.02 | |
| 215 | @a255页@c图@d23cm | |
| 300 | @a高等工科院校教材 | |
| 320 | @a有书目 (第250页)。 | |
| 330 | @a本书是高等院校物理课教材。本教材在精选了经典物理内容的基础上,有重点地加强了量子力学、熵、混沌与分形、对称性的内容。 | |
| 333 | @a高等院校相关专业师生及相关领域工程技术人员 | |
| 606 | 0 | @a物理学@Awu li xue@x高等学校@x教材 |
| 690 | @aO4@v4 | |
| 701 | 0 | @a莫文玲@Amo wen ling@4主编 |
| 701 | 0 | @a盛嘉茂@Asheng jia mao@4主编 |
| 801 | 0 | @aCN@bQSSK@c20060303 |
| 905 | @a10447@dO4@eM883:1 | |
| 简明大学物理.上册/莫文玲, 盛嘉茂主编.-北京:北京大学出版社,2005.02 |
| 255页:图;23cm |
| 高等工科院校教材.-使用对象:高等院校相关专业师生及相关领域工程技术人员 |
| ISBN 7-301-08363-7:CNY23.00 |
| 本书是高等院校物理课教材。本教材在精选了经典物理内容的基础上,有重点地加强了量子力学、熵、混沌与分形、对称性的内容。 |
| ● |
| 相关链接 |
|
|
|
正题名:简明大学物理
索取号:O4/M883:1
 
预约/预借
| 序号 | 登录号 | 条形码 | 馆藏地/架位号 | 状态 | 备注 |
| 1 | 554084 | 205540841 | 自科库401/401自科库 54排3列3层/ [索取号:O4/M883:1] | 在馆 | |
| 2 | 554085 | 205540850 | 自科库401/401自科库 54排3列3层/ [索取号:O4/M883:1] | 在馆 | |
| 3 | 554086 | 205540869 | 自科库401/401自科库 54排3列3层/ [索取号:O4/M883:1] | 在馆 |